00752nam a2200193 u 450000100100000000500170001000800410002704000250006808200160009310000280010924501090013726000810024630000260032749000190035350000320037283000260040495201130043099900150054300000505820210602221645.0090729s1974 dr r 000 0 spa d aDO-SdBNPbspacBNPHU axxxxbR173p1 aRamírez, Nelson9712910aProyecciones de la población de República Dominicana por sexo y edad, 1970-1990 /cNelson Ramírez. aSanto Domingo :bAsociación Dominicana Pro Bienestar de la Familia,c1974. a25 p. :bil ;c20 cm.1 aDocumentosv10 aIncluye datos biográficos 0aDocumentosn10910072 0010718PDaPDbPDcCTd2009-07-29iLF1l0oxxxx R173pp5058-10r2020-06-25w2020-06-25yLFPDZNo se presta c4862d4862